000 00895nam a2200325Ia 4500
001 84637
003 IT-RoPAU
008 130308s9999 xx 000 0 und d
040 _aIT-RoPAU
040 _cIT-RoPAU
041 _aINGLESE
100 _aEliot Stearns Thomas
100 _gCodice Aut. SPICS: 1677
245 _aGus the Theatre Cat
245 _bAndrew Lloyd Webber Anthology (The)
250 _a1a ed.
260 _aLONDON
260 _bReally Useful Group Plc
260 _c1987 [1° Ed.:1987 - Ed.Ling.Originale:1981]
300 _a"6 p. (prefazione: no ; testo: 6 [pagine: 69-74])"
500 _aTesto di Eliot e Musica di Webber Serie Cats
650 _aAUTORI/OPERE DI MUSICA
650 _eCodice materia Spics: 7007
700 _aWebber Andrew Lloyd
700 _gCodice Aut. SPICS: 11199
942 _cBK
957 _71
999 _c58755
_d58755
999 _bSI
999 _g1